LEADER 00873nam a2200229 i 4500 001 000000233218 003 CaOOAMICUS 005 20140917000000.0 008 140917s1890 it u000 u ita u 013 $a212121 040 $aSeMil$bita 100 1 $aDe Marchi, Luigi <1857-1936>.$0(OLS)http://semarc/name/80014 245 10$aClimatologia /$cdi Luigi De Marchi. 260 $aMilano :$bUlrico Hoepli,$c1890. 300 $aX, 204 p., 6 c. di tav. doppie ;$c16 cm. 490 0 $aManuali Hoepli ;$v91. 650 4$aClima.$0(OLS)http://semarc/subject/7258 830 0$aManuali Hoepli ;$v91.$0(OLS)http://semarc/title/7639 850 $aSeMil 852 $aSeMil$W1$xVenegono$y1$m2ZA I 13 FA$j183564$B183564$CSeMilBibl$Z2$F194342 $8I 996 $6245$aClimatologia$9(OLS)http://semarc/title/332787 996 $6260$aMilano :$bUlrico Hoepli$9(OLS)http://semarc/publisher/29765 LEADER 00799nam a2200205 i 4500 001 000000045687 003 CaOOAMICUS 005 20090603000000.0 008 090603s1925 it u000 u ita u 013 $a16857 040 $aSeMil$bita 100 1 $aGasquet, Francis Aiden,$c.$0(OLS)http://semarc/name/5406 245 10$aCiņ che l'Inghilterra deve a Roma /$cAidano Gasquet. 260 $aRoma :$bF.I.U.C.,$c1925. 300 $a37 p. ;$c19 cm. 650 4$aChiesa cattolica - Inghilterra.$0(OLS)http://semarc/subject/9742 850 $aSeMil 852 $aSeMil$W1$xVenegono$y1$m2A II 187$j11842$B11842$CSeMilBibl$Z2$F11842 $81 996 $6245$aCiņ che l'Inghilterra deve a Roma$9(OLS)http://semarc/title/68020 996 $6260$aRoma :$bF.I.U.C.$9(OLS)http://semarc/publisher/35520